000 00799nam a22002777a 4500
003 CHAP
005 20220329140700.0
008 971013s1954 r 00010 d
010 _a55979
011 _a56951
035 _a61104
040 _cCHAP
082 _a581.6
_bS24
100 0 0 _aSchery, Robert W.
_9102979
245 _aPlants for man
260 _aLondon :
_bAllen & Unwin,
_c1954
300 _a564 p.
_b: ilus.
590 _aBATCH-UPD
_b10
_c20130110
_lUCH01
_h0501
590 _aBATCH-UPD
_b10
_c20130410
_lUCH01
_h0139
590 _aBATCH-UPD
_b10
_c20130914
_lUCH01
_h0740
590 _aCONVERSION
_b10
_c20130109
_lUCH01
_h1330
650 1 4 _aBotánica económica.
_914655
901 _aBK
942 _cLIBRO
949 _a581.6 S24
_bBC
_cLIBRO
_d33724000362307
_eLIBRO
_h73061
_i61104
_mD
_si
999 _c55979
_d55979